000 00497nam a2200193Ia 4500
005 20260429112156.0
008 260429s9999||||xx |||||||||||||| ||und||
020 _a9781032168135
041 _aEnglish
082 _a364.973
_bBLA
100 _aBlair, Lesli
245 0 _aPsychology and criminal justice /
_cLesli Blair
250 _a1st ed.
260 _aNew York :
_bRoutledge,
_c2025.
300 _axiv, 227 p.; pbk
650 _a Criminal justice
650 _aPsychology
942 _cTB
999 _c52738
_d52738